00601nam a22001577a 450000500170000001000150001702000260003203500140005803700090007208200080008110000550008924501370014426000640028127000450034530000530039020250805122751.0 aHIN-130135 a9789362497895c399.00 aHN-102481 bDBAD a921 aभामडा, दयाराम सिंह  aआत्म कथांक तपता बचपन अपना जीवन /cदयाराम सिंह भामडा  bड्रीमबुक पब्लिशिंग c2025 k7249951871minfo@dreambookpublishing.com a341पृ.b 22सेमी (अजिल्द)